<?xml version="1.0" encoding="UTF-8"?><?xml-stylesheet type="text/xsl" href="static/style.xsl"?><OAI-PMH xmlns="http://www.openarchives.org/OAI/2.0/" xmlns:xsi="http://www.w3.org/2001/XMLSchema-instance" xsi:schemaLocation="http://www.openarchives.org/OAI/2.0/ http://www.openarchives.org/OAI/2.0/OAI-PMH.xsd"><responseDate>2026-04-17T03:04:25Z</responseDate><request verb="GetRecord" identifier="oai:www.recercat.cat:11351/5036" metadataPrefix="marc">https://recercat.cat/oai/request</request><GetRecord><record><header><identifier>oai:recercat.cat:11351/5036</identifier><datestamp>2025-10-24T10:17:18Z</datestamp><setSpec>com_2072_378070</setSpec><setSpec>com_2072_378040</setSpec><setSpec>col_2072_378092</setSpec></header><metadata><record xmlns="http://www.loc.gov/MARC21/slim" xmlns:dcterms="http://purl.org/dc/terms/" xmlns:xsi="http://www.w3.org/2001/XMLSchema-instance" xmlns:doc="http://www.lyncode.com/xoai" xsi:schemaLocation="http://www.loc.gov/MARC21/slim http://www.loc.gov/standards/marcxml/schema/MARC21slim.xsd">
   <leader>00925njm 22002777a 4500</leader>
   <datafield ind2=" " ind1=" " tag="042">
      <subfield code="a">dc</subfield>
   </datafield>
   <datafield ind2=" " ind1=" " tag="720">
      <subfield code="a">Sierra-Arango, Fernando</subfield>
      <subfield code="e">author</subfield>
   </datafield>
   <datafield ind2=" " ind1=" " tag="720">
      <subfield code="a">Castaño, D. M.</subfield>
      <subfield code="e">author</subfield>
   </datafield>
   <datafield ind2=" " ind1=" " tag="720">
      <subfield code="a">Forero, Jennifer D.</subfield>
      <subfield code="e">author</subfield>
   </datafield>
   <datafield ind2=" " ind1=" " tag="720">
      <subfield code="a">Pérez-Riveros, Erika D.</subfield>
      <subfield code="e">author</subfield>
   </datafield>
   <datafield ind2=" " ind1=" " tag="720">
      <subfield code="a">Ardila Duarte, Gerardo</subfield>
      <subfield code="e">author</subfield>
   </datafield>
   <datafield ind2=" " ind1=" " tag="720">
      <subfield code="a">Botero Mejia, Maria L.</subfield>
      <subfield code="e">author</subfield>
   </datafield>
   <datafield ind2=" " ind1=" " tag="260">
      <subfield code="c">2020-06-19T08:27:49Z</subfield>
   </datafield>
   <datafield ind2=" " ind1=" " tag="260">
      <subfield code="c">2020-06-19T08:27:49Z</subfield>
   </datafield>
   <datafield ind2=" " ind1=" " tag="260">
      <subfield code="c">2019-12-17</subfield>
   </datafield>
   <datafield ind2=" " ind1=" " tag="520">
      <subfield code="a">Control de acidez; Esomeprazol; Reflujo gastroesofágico</subfield>
   </datafield>
   <datafield ind2=" " ind1=" " tag="520">
      <subfield code="a">Control d'acidesa; Esomeprazol; Reflux gastroesofàgic</subfield>
   </datafield>
   <datafield ind2=" " ind1=" " tag="520">
      <subfield code="a">Acid control; Esomeprazole; Gastroesophageal reflux</subfield>
   </datafield>
   <datafield ind2=" " ind1=" " tag="520">
      <subfield code="a">Background. Gastroesophageal reflux disease (GERD) is the most frequent chronic gastrointestinal disorder. It is defined as a condition developed when the reflux of gastric contents causes troublesome symptoms (heartburn and regurgitation). This requires adequate treatment since it can lead to long-term complications including esophagus adenocarcinoma. Proton pump inhibitors (PPI) are generally used to treat GERD due to their high-security profile and efficiency on most patients. However, recurrent reflux despite initial treatment is frequent. N-of-1 trial is a study that allows the identification of the best treatment for each patient. The objective of this study is to compare the efficacy of standard dose with double dosage of esomeprazole, to improve the GERD symptoms in a single patient. Methods. A single-patient trial, placebo-controlled, randomized, double-blind, was carried out from September 25th, 2012, to April 26th, 2013. It included one outpatient at the gastroenterology service in a fourth-level hospital, diagnosed with nonerosive reflux disease (NERD). Yet, his symptoms were heartburn and reflux, and his endoscopic results were normal esophageal mucosa, without hiatal hernia, though pathological pH values. A no-obese male without any tobacco or alcohol usage received esomeprazole 40 mg/day and 40 mg/bid for 24 weeks. A standardized gastroesophageal reflux disease questionnaire (GerdQ) was used weekly to evaluate symptom frequency and severity. The consumption of 90% of the capsules was considered as an adequate treatment adherence. D’agostino–Pearson and Wilcoxon test were used to determine normal or nonnormal distribution and compare both treatments, respectively, both with a significant statistical difference of p&lt;0.05. Results. The patient completed the study with 96% of adherence. The double dosage of esomeprazole did not improve the control of symptoms compared with the standard dosage. Mean symptomatic score was 9.5±0.5 and 10.2±0.6 for each treatment, respectively (p>0.05). Conclusion. There was no significant improvement in the patient GERD symptoms increasing the dose of oral esomeprazole during the 6 months of study. N-of-1 trials in chronic pathologies including GERD are recommended due to their potential value as systematic methods that evaluate therapies without strong scientific evidence.</subfield>
   </datafield>
   <datafield ind1="8" ind2=" " tag="024">
      <subfield code="a">http://hdl.handle.net/11351/5036</subfield>
   </datafield>
   <datafield tag="653" ind2=" " ind1=" ">
      <subfield code="a">Assaigs clínics</subfield>
   </datafield>
   <datafield tag="653" ind2=" " ind1=" ">
      <subfield code="a">Reflux gastroesofàgic</subfield>
   </datafield>
   <datafield tag="653" ind2=" " ind1=" ">
      <subfield code="a">Medicaments gastrointestinals</subfield>
   </datafield>
   <datafield tag="653" ind2=" " ind1=" ">
      <subfield code="a">PUBLICATION CHARACTERISTICS::Study Characteristics::Clinical Study::Clinical Trial::Controlled Clinical Trial::Randomized Controlled Trial</subfield>
   </datafield>
   <datafield tag="653" ind2=" " ind1=" ">
      <subfield code="a">DISEASES::Digestive System Diseases::Gastrointestinal Diseases::Esophageal Diseases::Deglutition Disorders::Esophageal Motility Disorders::Gastroesophageal Reflux</subfield>
   </datafield>
   <datafield tag="653" ind2=" " ind1=" ">
      <subfield code="a">CHEMICALS AND DRUGS::Organic Chemicals::Sulfur Compounds::Sulfoxides::2-Pyridinylmethylsulfinylbenzimidazoles::Omeprazole::Esomeprazole</subfield>
   </datafield>
   <datafield tag="653" ind2=" " ind1=" ">
      <subfield code="a">CARACTERÍSTICAS DE PUBLICACIONES::características del estudio::estudio clínico::ensayo clínico::ensayo clínico controlado::ensayo clínico controlado aleatorizado</subfield>
   </datafield>
   <datafield tag="653" ind2=" " ind1=" ">
      <subfield code="a">ENFERMEDADES::enfermedades del sistema digestivo::enfermedades gastrointestinales::enfermedades del esófago::trastornos de la deglución::trastornos de la motilidad esofágica::reflujo gastroesofágico</subfield>
   </datafield>
   <datafield tag="653" ind2=" " ind1=" ">
      <subfield code="a">COMPUESTOS QUÍMICOS Y DROGAS::compuestos orgánicos::compuestos de azufre::sulfóxidos::2-piridinilmetilsulfinilbencimidazoles::omeprazol::esomeprazol</subfield>
   </datafield>
   <datafield ind2="0" ind1="0" tag="245">
      <subfield code="a">A randomized placebo-controlled N-of-1 trial: the effect of proton pump inhibitor in the management of gastroesophageal reflux disease</subfield>
   </datafield>
</record></metadata></record></GetRecord></OAI-PMH>